[Event "Laval op"]
[Site "Laval "]
[Date "2014.06.20"]
[Round "1"]
[White "Demchenko, Svitlana"]
[Black "Lacroix, Serge"]
[Result "0-1"]
[WhiteElo "1512"]
[BlackElo "1636"]
[PlyCount "82"]
[EventDate "2014.06.20"]
[EventType "swiss"]
[EventRounds "5"]
[EventCountry "CAN"]
[SourceTitle "EXT 2015"]
[Source "ChessBase"]
[SourceDate "2014.11.20"]
[SourceVersion "1"]
[SourceVersionDate "2014.11.20"]
[SourceQuality "1"]

1. e4 e5 2. Nf3 Nc6 3. d4 exd4 4. Bc4 Bc5 5. c3 Qf6 6. 0-0 Ne5 7. Nxe5 Qxe5 8. Qb3 Nh6 9. Bxh6 gxh6 10. Bxf7+ Kf8 11. Qd5 d6 12. Qxe5 dxe5 13. Bd5 c6 14. Bc4 b5 15. Be2 Rg8 16. cxd4 Bxd4 17. Nc3 Bh3 18. Bf3 Ke7 19. Kh1 Raf8 20. Rab1 Rxf3 21. gxh3 Rxh3 22. Ne2 Rd3 23. Nxd4 Rxd4 24. Rg1 Rg6 25. Rxg6 hxg6 26. Rg1 g5 27. f3 Rd3 28. Rg3 Kd6 29. Rh3 Rd1+ 30. Kg2 Rd2+ 31. Kg3 Rxb2 32. Rxh6+ Kc5 33. Re6 Kd4 34. Rxc6 Rxa2 35. Rd6+ Kc5 36. Rd5+ Kc4 37. Rxe5 b4 38. Rxg5 b3 39. Rg8 Ra6 40. Kf4 b2 41. Rc8+ Kb3 0-1

[Event "Montreal CC-ch"]
[Site "Montreal"]
[Date "2014.06.14"]
[Round "3"]
[White "Lacroix, Serge"]
[Black "Cloutier, Mathieu"]
[Result "0-1"]
[WhiteElo "1644"]
[BlackElo "2031"]
[PlyCount "126"]
[EventDate "2014.06.15"]
[EventType "swiss"]
[EventRounds "5"]
[EventCountry "CAN"]
[SourceTitle "EXT 2022"]
[Source "ChessBase"]
[SourceDate "2021.10.06"]
[SourceVersion "1"]
[SourceVersionDate "2021.10.06"]
[SourceQuality "1"]

1. e4 c5 2. Nf3 d6 3. d4 cxd4 4. Nxd4 Nf6 5. Nc3 a6 6. Be2 e5 7. Nf3 Be7 8. 0-0 0-0 9. Bg5 Be6 10. Bxf6 Bxf6 11. Nd5 Bxd5 12. Qxd5 Qc7 13. c3 Be7 14. Rfd1 Nd7 15. Nd2 Nb6 16. Qb3 Rac8 17. a4 Nd7 18. Bg4 Nc5 19. Qc2 Rcd8 20. Nb3 Ne6 21. Nd2 Qc6 22. Bxe6 fxe6 23. Qb3 Rf6 24. Re1 Rdf8 25. Re2 Rg6 26. Qc4 Qd7 27. Rd1 Kh8 28. Nf1 Rc8 29. Qb3 Qc6 30. Rd3 Rf8 31. Rg3 Rgf6 32. Qc2 Bd8 33. Nd2 Bb6 34. Rf3 Bc7 35. Rxf6 Rxf6 36. Qb3 d5 37. exd5 exd5 38. Nf3 e4 39. Nd4 Qd7 40. g3 Be5 41. Qd1 h5 42. f4 Bc7 43. Rd2 h4 44. Qh5+ Rh6 45. Qf5 Qe8 46. Qg4 hxg3 47. hxg3 Bb6 48. Rh2 Bxd4+ 49. cxd4 Rxh2 50. Kxh2 Qc6 51. Qh4+ Qh6 52. Qxh6+ gxh6 53. g4 Kg7 54. Kg3 Kg6 55. b4 b5 56. axb5 axb5 57. Kh4 Kf6 58. Kg3 Kf7 59. Kf2 Kg6 60. Kg3 h5 61. f5+ Kg5 62. gxh5 Kxf5 63. h6 Kg6 0-1

[Event "Montreal Mercredi 04"]
[Site "Montreal"]
[Date "2014.04.23"]
[Round "4"]
[White "Baran, Marius"]
[Black "Lacroix, Serge"]
[Result "1-0"]
[WhiteElo "1649"]
[BlackElo "1714"]
[PlyCount "87"]
[EventDate "2014.04.02"]
[EventType "swiss"]
[EventRounds "5"]
[EventCountry "CAN"]
[SourceTitle "EXT 2022"]
[Source "ChessBase"]
[SourceDate "2021.10.06"]
[SourceVersion "1"]
[SourceVersionDate "2021.10.06"]
[SourceQuality "1"]

1. e4 e5 2. d4 exd4 3. c3 d5 4. exd5 Qxd5 5. Nf3 Nc6 6. Be2 Nf6 7. 0-0 dxc3 8. Nxc3 Qxd1 9. Rxd1 Bd7 10. Bf4 0-0-0 11. Nb5 Ne8 12. Ng5 Bd6 13. Nxd6+ Nxd6 14. Bxd6 cxd6 15. Nxf7 Kc7 16. Nxh8 Rxh8 17. Rac1 Re8 18. Bd3 g6 19. Re1 Rf8 20. a3 Kb6 21. Be4 Rf4 22. Rcd1 Kc7 23. Bd5 Ne5 24. Re4 Rf6 25. f4 Nc6 26. Rde1 Bf5 27. R4e3 h5 28. g3 Nd4 29. Re7+ Bd7 30. Kg2 Nc6 31. Rg7 h4 32. Rf7 Rxf7 33. Bxf7 hxg3 34. hxg3 Bf5 35. Be6 Bd3 36. g4 Nd4 37. Bd5 Ne2 38. Kf3 Nd4+ 39. Kf2 Nc6 40. Be4 Bc4 41. Bxg6 Kd7 42. g5 Nd4 43. Re4 Bd3 44. Be8+ 1-0

[Event "Montreal Mercredi 04"]
[Site "Montreal"]
[Date "2014.04.14"]
[Round "5"]
[White "Lacroix, Serge"]
[Black "Millette, Sylvain"]
[Result "0-1"]
[WhiteElo "1714"]
[BlackElo "1735"]
[PlyCount "142"]
[EventDate "2014.04.02"]
[EventType "swiss"]
[EventRounds "5"]
[EventCountry "CAN"]
[SourceTitle "EXT 2022"]
[Source "ChessBase"]
[SourceDate "2021.10.06"]
[SourceVersion "1"]
[SourceVersionDate "2021.10.06"]
[SourceQuality "1"]

1. e4 Nf6 2. e5 Nd5 3. d4 d6 4. exd6 exd6 5. Nf3 Nc6 6. c4 Nb6 7. Be2 Be7 8. Nc3 Bf6 9. 0-0 Bg4 10. Be3 0-0 11. b3 Re8 12. Qd2 a5 13. a4 Nb4 14. Rfd1 Qe7 15. h3 Bxf3 16. Bxf3 c6 17. Ne4 d5 18. Nxf6+ Qxf6 19. c5 Nd7 20. Bf4 Qg6 21. Bc7 Qc2 22. Qxc2 Nxc2 23. Rac1 Nb4 24. Re1 Rec8 25. Bd6 Nd3 26. Bg4 Nxc1 27. Rxc1 Rd8 28. Bc7 Nf6 29. Bxd8 Nxg4 30. Bxa5 Nxf2 31. Kxf2 Rxa5 32. Ke3 Kf8 33. Kd3 Ke7 34. Re1+ Kd7 35. g4 Ra8 36. h4 f6 37. Kc3 g6 38. Kb4 Re8 39. Rf1 Re4 40. Rxf6 Ke7 41. Rf3 Rxd4+ 42. Ka5 Rxg4 43. Rh3 Kd7 44. b4 Re4 45. h5 g5 46. Rf3 Rf4 47. Rg3 h6 48. b5 g4 49. bxc6+ Kxc6 50. Rb3 Kxc5 51. Rb5+ Kd4 52. Rxb7 Rf5 53. Rg7 Rxh5 54. Rxg4+ Kc5 55. Ka6 Rg5 56. Rh4 h5 57. Kb7 Rg4 58. Rxh5 Rxa4 59. Rg5 Rb4+ 60. Kc7 Rh4 61. Kd7 Rh6 62. Rf5 Kc4 63. Rf1 d4 64. Rc1+ Kd3 65. Rd1+ Ke3 66. Re1+ Kd2 67. Re4 d3 68. Rd4 Kc3 69. Rd5 Rh4 70. Ke6 d2 71. Rc5+ Rc4 0-1

[Event "Montreal Mercredi 04"]
[Site "Montreal"]
[Date "2014.04.09"]
[Round "2"]
[White "Lacroix, Serge"]
[Black "Brassard, Sylvain"]
[Result "1/2-1/2"]
[WhiteElo "1714"]
[BlackElo "1717"]
[PlyCount "150"]
[EventDate "2014.04.02"]
[EventType "swiss"]
[EventRounds "5"]
[EventCountry "CAN"]
[SourceTitle "EXT 2022"]
[Source "ChessBase"]
[SourceDate "2021.10.06"]
[SourceVersion "1"]
[SourceVersionDate "2021.10.06"]
[SourceQuality "1"]

1. e4 Nf6 2. e5 Nd5 3. d4 d6 4. Nf3 Bg4 5. exd6 exd6 6. Be2 Be7 7. c4 Nf6 8. Nc3 0-0 9. 0-0 Nbd7 10. Be3 Nb6 11. b3 d5 12. c5 Nbd7 13. Qc2 c6 14. b4 Re8 15. a4 Bf8 16. b5 g6 17. h3 Bxf3 18. Bxf3 Bg7 19. bxc6 bxc6 20. Rfb1 Nf8 21. Rb7 Ne6 22. Rab1 Qa5 23. Ne2 Nd8 24. R7b4 Ne6 25. Rb7 Nd8 26. R7b4 Nd7 27. Nf4 Nf8 28. Kh2 Nfe6 29. Nxe6 Nxe6 30. g4 Qc7+ 31. Kg2 Rab8 32. Qd2 Rxb4 33. Rxb4 Rb8 34. Rxb8+ Qxb8 35. g5 Bf8 36. Bg4 Qb1 37. f3 Qb3 38. a5 Be7 39. h4 Bd8 40. Bxe6 fxe6 41. a6 Qc4 42. Bf4 Qxa6 43. Be5 Qb7 44. Qf4 Qf7 45. Qc1 a5 46. Qd1 Qb7 47. Qa4 Kf7 48. Kg3 Ke8 49. f4 Kd7 50. h5 Qb4 51. Qc2 a4 52. hxg6 hxg6 53. Qxg6 Qb3+ 54. Kh4 Qb7 55. Qf7+ Kc8 56. Qxe6+ Qd7 57. Qg6 a3 58. Qd3 Qa7 59. Qg6 Qd7 60. Qb1 Qa7 61. Qf5+ Qd7 62. Qd3 Qa7 63. Qg6 Qd7 64. Qc2 Qa7 65. Qa2 Qa4 66. Kh5 Kd7 67. f5 Qd1+ 68. Kg6 Qd3 69. Qh2 Kc8 70. Bf6 Bxf6 71. gxf6 Qxd4 72. Qh8+ Kb7 73. Qg7+ Ka6 74. Qf8 Qg4+ 75. Kf7 Qh5+ 1/2-1/2

[Event "Trois-Rivieres Mauricie op U2000"]
[Site "Trois Rivieres"]
[Date "2014.03.15"]
[Round "2"]
[White "Zumsteg, Nicolas"]
[Black "Lacroix, Serge"]
[Result "1-0"]
[WhiteElo "1674"]
[BlackElo "1791"]
[PlyCount "99"]
[EventDate "2014.03.14"]
[EventType "swiss"]
[EventRounds "5"]
[EventCountry "CAN"]
[SourceTitle "EXT 2022"]
[Source "ChessBase"]
[SourceDate "2021.10.06"]
[SourceVersion "1"]
[SourceVersionDate "2021.10.06"]
[SourceQuality "1"]

1. d4 d5 2. c4 e5 3. dxe5 d4 4. Nf3 Nc6 5. e3 Bb4+ 6. Bd2 dxe3 7. fxe3 Bxd2+ 8. Nbxd2 Nge7 9. Qb3 Ng6 10. 0-0-0 0-0 11. Bd3 Qe7 12. h3 Ngxe5 13. Bc2 Be6 14. Nxe5 Nxe5 15. Qxb7 Rab8 16. Qe4 Ng6 17. Nf3 Rfd8 18. Ne5 Rxd1+ 19. Rxd1 Qb4 20. b3 Qc3 21. Qd4 Qxd4 22. exd4 Nxe5 23. dxe5 g6 24. Be4 h5 25. h4 Kf8 26. Kc2 Bg4 27. Bf3 Bf5+ 28. Kc3 Ke7 29. Rd5 Rb6 30. a4 Bg4 31. Bxg4 hxg4 32. Rd4 Ke6 33. Rxg4 Kxe5 34. Rg5+ Ke4 35. Rc5 c6 36. a5 Ra6 37. b4 f5 38. g4 f4 39. h5 f3 40. hxg6 f2 41. Rf5 c5 42. bxc5 Rxg6 43. Rxf2 Rxg4 44. Re2+ Kf5 45. Kb4 a6 46. c6 Rg6 47. Kc5 Rg1 48. c7 Rg8 49. Kb6 Rc8 50. Kb7 1-0

[Event "Montreal Mercredi 02"]
[Site "Montreal"]
[Date "2014.02.19"]
[Round "1"]
[White "Dumouchel, Alain"]
[Black "Lacroix, Serge"]
[Result "1-0"]
[WhiteElo "1914"]
[BlackElo "1791"]
[PlyCount "62"]
[EventDate "2014.02.19"]
[EventType "swiss"]
[EventRounds "5"]
[EventCountry "CAN"]
[SourceTitle "EXT 2022"]
[Source "ChessBase"]
[SourceDate "2021.10.06"]
[SourceVersion "1"]
[SourceVersionDate "2021.10.06"]
[SourceQuality "1"]

1. e4 c5 2. Nf3 Nc6 3. d4 cxd4 4. Nxd4 d6 5. Nc3 Nf6 6. Be2 e6 7. Be3 Be7 8. 0-0 0-0 9. f4 Bd7 10. Kh1 a6 11. Qe1 Qc7 12. Qg3 b5 13. a3 Nxd4 14. Bxd4 Kh8 15. Rad1 Bc6 16. Rd3 Rg8 17. Bf3 Rad8 18. Qf2 Rb8 19. g4 b4 20. axb4 Rxb4 21. g5 e5 22. gxf6 exd4 23. Na2 Rxb2 24. fxe7 Rxa2 25. Qxd4 Qxe7 26. Rb1 Bxe4 27. Qxe4 Qxe4 28. Bxe4 Rxc2 29. Rxd6 Re2 30. Bd3 Rd2 31. Rg1 Re8 1-0

[Event "Montreal Mercredi 05"]
[Site "Montreal"]
[Date "2013.05.15"]
[Round "1"]
[White "Lacroix, Serge"]
[Black "Nardone, Raul"]
[Result "1-0"]
[WhiteElo "1899"]
[BlackElo "1893"]
[PlyCount "63"]
[EventDate "2013.05.15"]
[EventType "swiss"]
[EventRounds "5"]
[EventCountry "CAN"]
[SourceTitle "EXT 2014"]
[Source "ChessBase"]
[SourceDate "2013.11.20"]
[SourceVersion "1"]
[SourceVersionDate "2013.11.20"]
[SourceQuality "1"]

1. e4 c5 2. Nf3 Nc6 3. d4 cxd4 4. Nxd4 Nf6 5. Nc3 d6 6. Be2 e6 7. Be3 Be7 8. 0-0 Nxd4 9. Bxd4 e5 10. Be3 Be6 11. f4 exf4 12. Rxf4 0-0 13. Qe1 Nd7 14. Rf1 Bg5 15. Qf2 Bxe3 16. Qxe3 Ne5 17. Rad1 Qc7 18. Rd2 Qc5 19. Qxc5 dxc5 20. Nd5 Nc6 21. c3 a6 22. a4 Kh8 23. Nc7 Rfd8 24. Rxd8+ Rxd8 25. Nxe6 fxe6 26. Rf7 Kg8 27. Rxb7 Ne5 28. Bxa6 c4 29. h3 Rd6 30. Bb5 Rd2 31. a5 Rxb2 32. Rb8+ 1-0

[Event "Montreal Mercredi 04"]
[Site "Montreal"]
[Date "2013.04.17"]
[Round "3"]
[White "Nardone, Raul"]
[Black "Lacroix, Serge"]
[Result "0-1"]
[WhiteElo "1895"]
[BlackElo "1870"]
[PlyCount "72"]
[EventDate "2013.04.03"]
[EventType "swiss"]
[EventRounds "5"]
[EventCountry "CAN"]
[SourceTitle "EXT 2014"]
[Source "ChessBase"]
[SourceDate "2013.11.20"]
[SourceVersion "1"]
[SourceVersionDate "2013.11.20"]
[SourceQuality "1"]

1. d4 c5 2. d5 Nf6 3. c4 g6 4. Nc3 d6 5. e4 Bg7 6. Nf3 0-0 7. Be2 b5 8. cxb5 a6 9. b6 Qxb6 10. Nd2 Bd7 11. Nc4 Qc7 12. a4 a5 13. 0-0 Na6 14. f4 Nb4 15. Bf3 h5 16. h3 Rab8 17. Qe2 e6 18. Nxd6 Qxd6 19. e5 Qa6 20. Qxa6 Nxa6 21. Be2 Nb4 22. exf6 Bxf6 23. dxe6 Bxe6 24. Ra3 Nc2 25. Nb5 Nxa3 26. bxa3 Rfd8 27. g4 hxg4 28. hxg4 Bd4+ 29. Kh2 f5 30. gxf5 gxf5 31. Rf3 Kf7 32. Rh3 Rh8 33. Bh5+ Ke7 34. Nc7 Rbc8 35. Nb5 Bd5 36. Bd2 Rcg8 0-1

[Event "Montreal Mercredi 01"]
[Site "Montreal"]
[Date "2013.02.06"]
[Round "5"]
[White "Lacroix, Serge"]
[Black "Cloutier, Mathieu"]
[Result "0-1"]
[WhiteElo "1914"]
[BlackElo "2042"]
[PlyCount "84"]
[EventDate "2013.01.09"]
[EventType "swiss"]
[EventRounds "5"]
[EventCountry "CAN"]
[SourceTitle "EXT 2014"]
[Source "ChessBase"]
[SourceDate "2013.11.20"]
[SourceVersion "1"]
[SourceVersionDate "2013.11.20"]
[SourceQuality "1"]

1. d4 Nf6 2. c4 c5 3. d5 e6 4. Nc3 exd5 5. cxd5 d6 6. e4 g6 7. f4 Bg7 8. Bb5+ Nfd7 9. Nf3 a6 10. Bxd7+ Nxd7 11. a4 0-0 12. 0-0 Re8 13. Re1 b6 14. Qc2 Rb8 15. Bd2 b5 16. axb5 axb5 17. Nd1 b4 18. Ne3 Nb6 19. Ra7 Bb7 20. b3 Nc8 21. Ra2 Ra8 22. Nc4 Rxa2 23. Qxa2 Nb6 24. Qc2 Nxc4 25. Qxc4 Qb6 26. Kh1 Ba6 27. Qc2 c4 28. Be3 Qb5 29. Qxc4 Qxc4 30. bxc4 Rxe4 31. Nd2 Re8 32. Kg1 Bc3 33. Kf2 b3 34. Rc1 Bxd2 35. Bxd2 Re4 36. Kf3 Rxc4 37. Ke3 b2 38. Rb1 Rc2 39. g4 Bc4 40. Bb4 Ba2 41. Re1 Rc1 42. Ba3 Rxe1+ 0-1

[Event "Montreal Mercredi 01"]
[Site "Montreal"]
[Date "2013.01.30"]
[Round "4"]
[White "Verdejo, Jose"]
[Black "Lacroix, Serge"]
[Result "0-1"]
[WhiteElo "1900"]
[BlackElo "1914"]
[PlyCount "72"]
[EventDate "2013.01.09"]
[EventType "swiss"]
[EventRounds "5"]
[EventCountry "CAN"]
[SourceTitle "EXT 2014"]
[Source "ChessBase"]
[SourceDate "2013.11.20"]
[SourceVersion "1"]
[SourceVersionDate "2013.11.20"]
[SourceQuality "1"]

1. d4 Nf6 2. Nf3 g6 3. g3 Bg7 4. Bg2 0-0 5. c4 c5 6. 0-0 cxd4 7. Nxd4 Nc6 8. Nc3 Nxd4 9. Qxd4 d6 10. Qh4 Qc7 11. Nb5 Qd7 12. Bd2 a6 13. Nc3 Rb8 14. Rac1 Qg4 15. Qxg4 Bxg4 16. h3 Be6 17. b3 b5 18. Nd5 Bxd5 19. cxd5 Rfc8 20. Rc6 Rxc6 21. dxc6 d5 22. c7 Rc8 23. Ba5 e6 24. Rc1 Ne8 25. e4 d4 26. f4 e5 27. Rc6 exf4 28. gxf4 d3 29. Kf1 Bh6 30. f5 Bf4 31. fxg6 hxg6 32. h4 Nd6 33. Bh3 f5 34. exf5 gxf5 35. Rxa6 d2 36. Ke2 Re8+ 0-1

[Event "Montreal Pere Noel"]
[Site "Montreal"]
[Date "2012.12.28"]
[Round "3.12"]
[White "Robichaud, Louis"]
[Black "Lacroix, Serge"]
[Result "0-1"]
[WhiteElo "2102"]
[BlackElo "1858"]
[PlyCount "100"]
[EventDate "2012.12.26"]
[EventType "swiss"]
[EventRounds "5"]
[EventCountry "CAN"]
[SourceTitle "EXT 2022"]
[Source "ChessBase"]
[SourceDate "2021.10.06"]
[SourceVersion "1"]
[SourceVersionDate "2021.10.06"]
[SourceQuality "1"]

1. e4 e5 2. Nf3 Nc6 3. Bb5 a6 4. Ba4 Nf6 5. 0-0 b5 6. Bb3 Be7 7. Re1 d6 8. c3 Bg4 9. h3 Bxf3 10. Qxf3 Na5 11. Bc2 c5 12. d3 0-0 13. Nd2 Nc6 14. Nf1 d5 15. Ne3 dxe4 16. dxe4 Qc7 17. Nd5 Nxd5 18. exd5 Na5 19. Qf5 g6 20. Qxe5 Qxe5 21. Rxe5 Bf6 22. Re2 Nc4 23. Bb3 Rad8 24. Bxc4 bxc4 25. Bh6 Rfe8 26. Rae1 Rxe2 27. Rxe2 Bg7 28. Bxg7 Kxg7 29. Re4 Rxd5 30. Rxc4 Rd1+ 31. Kh2 Rd2 32. Rxc5 Rxb2 33. Ra5 Rxf2 34. c4 Rf6 35. Rc5 Kf8 36. Rc7 Rf2 37. Kg3 Rxa2 38. Kf3 a5 39. g4 a4 40. Ke4 a3 41. Ra7 Re2+ 42. Kd5 Rd2+ 43. Kc6 a2 44. c5 Ke8 45. Kb6 Rb2+ 46. Kc7 f5 47. gxf5 gxf5 48. c6 f4 49. Kd6 Rd2+ 50. Ke6 Kd8 0-1

[Event "Montreal Mercredi 11"]
[Site "Montreal"]
[Date "2012.11.21"]
[Round "2"]
[White "Lacroix, Serge"]
[Black "Nardone, Raul"]
[Result "1-0"]
[WhiteElo "1822"]
[BlackElo "1817"]
[PlyCount "147"]
[EventDate "2012.11.14"]
[EventType "swiss"]
[EventRounds "5"]
[EventCountry "CAN"]
[SourceTitle "EXT 2022"]
[Source "ChessBase"]
[SourceDate "2021.10.06"]
[SourceVersion "1"]
[SourceVersionDate "2021.10.06"]
[SourceQuality "1"]

1. e4 c5 2. Nf3 d6 3. d4 cxd4 4. Nxd4 Nf6 5. Nc3 a6 6. a4 e6 7. Be2 Be7 8. Be3 0-0 9. 0-0 Nc6 10. f4 Bd7 11. Bf3 Qc7 12. Nb3 Rac8 13. a5 Nb4 14. Bb6 Qb8 15. Kh1 Bd8 16. Bxd8 Rfxd8 17. Rf2 Be8 18. Rd2 d5 19. e5 Nd7 20. Ra4 Nc6 21. Ra3 Ndxe5 22. fxe5 Nxe5 23. Be2 Qd6 24. Nd4 Qb4 25. Rb3 Qe7 26. Nf3 Ng4 27. Qg1 Nf6 28. Ne5 Qc7 29. Qd4 Qxa5 30. Rxb7 Ne4 31. Rd1 Nxc3 32. bxc3 Rxc3 33. Bd3 Rcc8 34. h3 Qc3 35. Qxc3 Rxc3 36. Ra7 f6 37. Ng4 Bb5 38. Rb1 Rc5 39. Rb7 Rdc8 40. Kh2 Bxd3 41. cxd3 h5 42. Nf2 Rc2 43. Kg3 Kh7 44. Re7 R8c7 45. Rxe6 a5 46. Rb5 R2c5 47. Rxc5 Rxc5 48. Ra6 Kh6 49. h4 Kg6 50. Kf3 Kf5 51. Nd1 g5 52. hxg5 Kxg5 53. Nf2 Rb5 54. Ke3 f5 55. g3 h4 56. gxh4+ Kxh4 57. Kf4 Rb4+ 58. Kxf5 Kg3 59. Nd1 Rd4 60. Nb2 Rb4 61. Rxa5 Rxb2 62. Rxd5 Kf3 63. d4 Rd2 64. Rd8 Ke3 65. Ke5 Ra2 66. d5 Ra5 67. Rf8 Rb5 68. Ke6 Ke4 69. d6 Re5+ 70. Kd7 Rh5 71. Ra8 Rh7+ 72. Kc6 Ke5 73. Re8+ Kd4 74. d7 1-0

[Event "Montreal Juste pour jouer"]
[Site "Montreal"]
[Date "2012.10.07"]
[Round "5.20"]
[White "Lacroix, Serge"]
[Black "Heredia, Jose"]
[Result "1/2-1/2"]
[WhiteElo "1784"]
[BlackElo "1508"]
[PlyCount "102"]
[EventDate "2012.10.05"]
[EventType "swiss"]
[EventRounds "7"]
[EventCountry "CAN"]
[SourceTitle "EXT 2022"]
[Source "ChessBase"]
[SourceDate "2021.10.06"]
[SourceVersion "1"]
[SourceVersionDate "2021.10.06"]
[SourceQuality "1"]

1. e4 c6 2. d4 d5 3. Nc3 dxe4 4. Nxe4 Nd7 5. Nf3 Ngf6 6. Nxf6+ Nxf6 7. c4 Bf5 8. Bd3 Bxd3 9. Qxd3 e6 10. Bd2 Be7 11. 0-0-0 0-0 12. Bc3 Qc7 13. g3 Rfb8 14. Kd2 b5 15. b3 b4 16. Bb2 a5 17. Ng5 h6 18. Ne4 a4 19. Ke2 Nxe4 20. Qxe4 axb3 21. axb3 Ra2 22. Rd2 Bf6 23. Ra1 Rba8 24. Rxa2 Rxa2 25. c5 Qd7 26. f4 Kf8 27. Qb1 Ra7 28. Qe4 Qd5 29. Qxd5 exd5 30. Kd3 Re7 31. Rd1 Ra7 32. Ra1 Rxa1 33. Bxa1 g5 34. Bb2 gxf4 35. gxf4 Kg7 36. Bc1 Kg6 37. Bd2 Kf5 38. Bxb4 Bd8 39. Be1 Kg4 40. f5 Bc7 41. Bg3 Ba5 42. f6 h5 43. Ke2 h4 44. Be5 Kf5 45. Kf3 Bd2 46. h3 Bc3 47. Ke3 Bb4 48. Bc7 Bc3 49. Be5 Ba5 50. Kf3 Bd2 51. Bc7 Bb4 1/2-1/2

[Event "Montreal Juste pour jouer"]
[Site "Montreal"]
[Date "2012.10.06"]
[Round "3.22"]
[White "Lacroix, Serge"]
[Black "Utepova, Alika"]
[Result "1/2-1/2"]
[WhiteElo "1784"]
[BlackElo "1351"]
[PlyCount "118"]
[EventDate "2012.10.05"]
[EventType "swiss"]
[EventRounds "7"]
[EventCountry "CAN"]
[SourceTitle "EXT 2022"]
[Source "ChessBase"]
[SourceDate "2021.10.06"]
[SourceVersion "1"]
[SourceVersionDate "2021.10.06"]
[SourceQuality "1"]

1. e4 c5 2. Nf3 d6 3. d4 cxd4 4. Nxd4 Nf6 5. Nc3 a6 6. a4 Nc6 7. Be2 e5 8. Nb3 Be6 9. Be3 Be7 10. 0-0 0-0 11. f4 Rc8 12. Bf3 Nb4 13. a5 b5 14. axb6 exf4 15. Bf2 d5 16. exd5 Nfxd5 17. Bxd5 Bxd5 18. Nxd5 Qxd5 19. Qxd5 Nxd5 20. c3 Ne3 21. Rfe1 Rc6 22. Rxa6 Rb8 23. Bxe3 fxe3 24. Rxe3 Bd6 25. Nd4 Rcxb6 26. Rxb6 Rxb6 27. Re8+ Bf8 28. b4 g6 29. g4 Kg7 30. h4 h6 31. h5 Bd6 32. hxg6 fxg6 33. Kg2 Bf4 34. Ne6+ Kf7 35. Rf8+ Kxe6 36. Rxf4 Rc6 37. c4 Ke5 38. Kf3 Ra6 39. Re4+ Kd6 40. Rd4+ Ke5 41. Rd5+ Ke6 42. Ra5 Rd6 43. Ke4 Rd1 44. Ra6+ Kf7 45. b5 h5 46. gxh5 gxh5 47. b6 Rb1 48. c5 h4 49. Ra7+ Ke6 50. Rh7 Rb4+ 51. Kd3 Kd5 52. Rh5+ Kc6 53. Kc3 Rg4 54. Rh6+ Kxc5 55. b7 Rg3+ 56. Kc2 Rg8 57. Rxh4 Rb8 58. Rh7 Kc6 59. Kc3 Rxb7 1/2-1/2

[Event "Montreal Mercredi 08"]
[Site "Montreal"]
[Date "2012.09.12"]
[Round "3"]
[White "Lacroix, Serge"]
[Black "Barko, Maxim"]
[Result "1-0"]
[WhiteElo "1795"]
[BlackElo "1667"]
[PlyCount "51"]
[EventDate "2012.08.29"]
[EventType "swiss"]
[EventRounds "5"]
[EventCountry "CAN"]
[SourceTitle "EXT 2022"]
[Source "ChessBase"]
[SourceDate "2021.10.06"]
[SourceVersion "1"]
[SourceVersionDate "2021.10.06"]
[SourceQuality "1"]

1. e4 d5 2. exd5 Nf6 3. d4 Nxd5 4. Nf3 Bg4 5. Be2 e6 6. 0-0 Be7 7. c4 Nb6 8. Nc3 0-0 9. b3 N8d7 10. a4 Bb4 11. Bb2 a5 12. h3 Bh5 13. Ne5 Bxe2 14. Qxe2 Nf6 15. Rad1 c6 16. Rd3 Re8 17. Rfd1 Qc7 18. Ne4 Nxe4 19. Qxe4 Rad8 20. Qg4 Bf8 21. Rg3 f6 22. Nd3 Nd7 23. Re1 e5 24. dxe5 Nxe5 25. Nxe5 fxe5 26. Qh5 1-0

[Event "Montreal Mercredi 02"]
[Site "Montreal"]
[Date "2012.03.07"]
[Round "3"]
[White "Lacroix, Serge"]
[Black "Gauthier, Luc"]
[Result "1-0"]
[WhiteElo "1858"]
[BlackElo "1738"]
[PlyCount "143"]
[EventDate "2012.02.22"]
[EventType "swiss"]
[EventRounds "5"]
[EventCountry "CAN"]
[SourceTitle "EXT 2022"]
[Source "ChessBase"]
[SourceDate "2021.10.06"]
[SourceVersion "1"]
[SourceVersionDate "2021.10.06"]
[SourceQuality "1"]

1. e4 Nf6 2. e5 Nd5 3. d4 d6 4. c4 Nb6 5. exd6 exd6 6. Nf3 Bg4 7. Be3 Be7 8. h3 Bh5 9. Nbd2 0-0 10. Bd3 Bg6 11. Qc2 Bxd3 12. Qxd3 Bf6 13. 0-0 Nc6 14. a3 h6 15. Ne4 d5 16. Nxf6+ Qxf6 17. c5 Nc4 18. b3 Nxe3 19. fxe3 Qe6 20. b4 Rfe8 21. Rfe1 Qe4 22. Qxe4 Rxe4 23. b5 Na5 24. Nd2 Re6 25. e4 Rae8 26. e5 f6 27. Nf3 Nc4 28. exf6 Rxe1+ 29. Nxe1 gxf6 30. Kf2 c6 31. bxc6 bxc6 32. a4 Re4 33. Nf3 Kf7 34. Rb1 Na5 35. Rb8 Re8 36. Rxe8 Kxe8 37. Nh4 Kf7 38. Nf5 Kg6 39. Nd6 Nb3 40. Ke3 f5 41. Nc8 f4+ 42. Kxf4 Nxd4 43. Ke5 Nb3 44. Nxa7 d4 45. Nxc6 Nxc5 46. a5 d3 47. Ne7+ Kg5 48. Nd5 d2 49. Ne3 Kh4 50. Kd5 Na6 51. Kc4 Kg3 52. Kd3 d1Q+ 53. Nxd1 Kxg2 54. Kc4 Kxh3 55. Kb5 Nb8 56. Kb6 Nd7+ 57. Kc7 Nc5 58. Kc6 Na6 59. Kb7 Nc5+ 60. Kb6 Nd7+ 61. Kc6 Nb8+ 62. Kb7 Nd7 63. Nc3 Nc5+ 64. Kb6 Nd7+ 65. Kc6 Ne5+ 66. Kb5 Nf7 67. a6 Nd6+ 68. Kc6 Nc8 69. Kc7 Na7 70. Kb7 Kg2 71. Kxa7 h5 72. Kb8 1-0